| 000 | 01141cpcaa2200277 a 4500 | ||
|---|---|---|---|
| 001 | mm 96006336 | ||
| 003 | DLC | ||
| 005 | 20260227111725.0 | ||
| 008 | 961114|||||||||||| eng | ||
| 010 | _amm 96006336 | ||
| 040 |
_aDLC _cDLC _dDLC _edacs |
||
| 072 | 7 |
_aW _2lcmd |
|
| 100 | 1 |
_aBoos, J. E. _q(John E.), _ecollector. |
|
| 245 | 0 | 0 |
_aJ.E. Boos collection of papers relating to Abraham Lincoln , _f1912-1937. |
| 300 |
_a1 _fitem. |
||
| 506 | 0 | _aOpen to research. | |
| 520 | 8 | _aVolume (50 items) of letters containing eyewitness accounts by civilians and soldiers present at Abraham Lincoln's Gettysburg address. Includes illustrations and memorabilia. | |
| 545 | 0 | _aCollector. | |
| 546 | _aCollection material in English. | ||
| 580 | _aForms part of: Miscellaneous Manuscripts collection. | ||
| 600 | 1 | 0 |
_aLincoln, Abraham, _d1809-1865. |
| 600 | 1 | 0 |
_aLincoln, Abraham, _d1809-1865. _tGettysburg address. |
| 651 | 0 |
_aUnited States _xHistory _yCivil War, 1861-1865. |
|
| 656 | 7 |
_aCollectors. _2itoamc |
|
| 999 |
_c44355 _d44355 |
||